| 000 | 00992nam a2200277 a 4500 | ||
|---|---|---|---|
| 001 | 51570 | ||
| 003 | BD-RjUL | ||
| 005 | 20211209075700.0 | ||
| 008 | 160831s1969 nyu b 001 0 eng | ||
| 020 | _a0444000518 | ||
| 035 | _a(BD-RjUL)51690 | ||
| 040 |
_aBD-RjUL _cDLC _dBD-RjUL _beng |
||
| 041 | _aeng | ||
| 082 | 0 | 0 |
_a539.72 _223 _bSRS 1969 |
| 100 | 1 |
_aSrinivasan, S. K. _q(S. Kidambi) _9151101 |
|
| 245 | 1 | 0 |
_aStochastic theory and cascade processes / _cby S. Kidambi Srinivasan. |
| 260 |
_aNew York : _bAmerican Elsevier Pub. Co., _c1969. |
||
| 300 |
_axvi, 216 p. ; _c24 cm. |
||
| 490 | 1 |
_aModern analytic and computational methods in science and mathematics, _v15 |
|
| 504 | _aIncludes bibliographical references and Index | ||
| 650 | 0 |
_aStochastic processes. _9117665 |
|
| 650 | 0 |
_aElectromagnetic theory. _9117647 |
|
| 650 | 0 |
_aCosmic ray showers. _9154142 |
|
| 830 | 0 |
_aModern analytic and computational methods in science and mathematics ; _vv. 15. _9154145 |
|
| 942 |
_2ddc _cBK |
||
| 999 |
_c51570 _d51570 |
||